Utamaro /

Bibliographic Details
Main Author: Kobayashi, Tadashi, 1941-
Format: Book
Language:English
Published: Tokyo ; New York : Kodansha International ; 1982.
Edition:1st ed.
Series:Great Japanese art.
Subjects:

MARC

Tag First Indicator Second Indicator Subfields
LEADER 00000pam a2200000 a 4500
001 in00000097012
005 20150924084905.0
008 811110s1982 ja a b 00010 eng
010 |a  81020693  
020 |a 0870115030 :  |c $18.75 
035 |a (OCoLC)07977854 
035 |9 AAK8881AM 
039 0 |a 2  |b 3  |c 3  |d 3  |e 3 
040 |a DLC  |c DLC  |d TXA  |d UtOrBLW 
041 1 |a eng  |h jpn 
049 |a TXAM  |c [1562098] 
050 0 0 |a NE1325 K5  |b  K6213 1982 
082 0 |a 769.92/4  |2 19 
100 1 |a Kobayashi, Tadashi,  |d 1941- 
240 1 0 |a Kitagawa Utamaro.  |l English 
245 1 0 |a Utamaro /  |c Tadashi Kobayashi ; translated by Mark A. Harbison. 
250 |a 1st ed. 
264 1 |a Tokyo ;  |a New York :  |b Kodansha International ;  |c 1982. 
264 2 |a New York, N.Y. :  |b Distributed in the U.S. by Kodansha International/USA through Harper & Row, 
300 |a 48 pages :  |b illustrations (some color) ;  |c 37 cm. 
336 |a text  |b txt  |2 rdacontent 
337 |a unmediated  |b n  |2 rdamedia 
338 |a volume  |b nc  |2 rdacarrier 
490 1 |a [Great Japanese art] 
500 |a Translation of: Kitagawa Utamaro. 
504 |a Bibliography : page 48. 
600 1 0 |a Kitagawa, Utamaro,  |d 1753?-1806. 
830 0 |a Great Japanese art. 
999 |a MARS 
999 f f |s e1448307-013f-34d1-9211-bb35b9e79520  |i 0643b4c9-9f2f-37cb-a6cf-2b8e23d2a02a  |t 0 
952 f f |p ric  |a Texas A&M University  |b Rellis Campus  |c Joint Library Facility  |d Remote Storage  |t 0  |e NE1325 K5 K6213 1982  |f Oversize  |h Library of Congress classification  |i unmediated -- volume  |m A14806039486 
998 f f |a NE1325 K5 K6213 1982  |t 0  |l Remote Storage